| 000 | 004540000a22001810004500 | ||
|---|---|---|---|
| 003 | LK-CoMWRAF | ||
| 005 | 20231102160432.0 | ||
| 008 | 230817t ||||| |||| 00| 0 eng d | ||
| 040 |
_aLK-CoMWRAF _dLK-CoMWRAF _eLK-CoMWRAF |
||
| 041 | _aeng | ||
| 082 |
_a030 _bMAN |
||
| 245 |
_aManorama year book 1998 : _bInternet ullankaikul ulakam |
||
| 260 |
_aKerala : _b |
||
| 300 | _a720p | ||
| 650 | _aDirectory | ||
| 650 | _aYear Books | ||
| 942 | _cBK | ||
| 999 |
_c2718 _d2718 |
||